000 01567 a2200277 4500
001 24290
005 20260407155527.0
008 260407a2013 arg spa d
003 AR-UNSa-BCEJYS
040 _aAR-UNSa-BCEJYS
_bspa
_cAR-UNSa-BCEJYS
080 _a658.5
_xPlanificación y control de la producción
245 1 0 _aAdministración de operaciones
_pprocesos y cadena de suministro
020 _a978-607-32-2122-1
250 _a10a. ed.
264 1 _aMéxico :
_bPearson Educación
_c2013
300 _axix, 636 p.
_c27 cm.
505 _a1. Uso de las operaciones para competir - 2. Administración de proyectos - 3. Estrategias de proyectos - 4. Análisis de procesos - 5. Calidad y desempeño - 6. Planeación de la capacidad - 7. Administración de restriciones - 8. Sistemas esbeltos - 9. Administración del inventario de la cadena de suministro - 10. Diseño de la cadena de suministro - 11. Decisiones de localización en la cadena de suministro - 12. Integración de la cadena de suministro - 13. Sustentabilidad de la cadena de suministro y logística humanitaria - 14. Pronósticos - 15. Planeación y programación de operaciones - 16. Planeación de recursos
942 _cBK
590 _aniveau_biblio:m niveau_hierar:0
100 1 _aGonzález Osuna, Marcia
700 1 _aKrajewski, Lee J.
700 1 _aRitzman, Larry P.
700 1 _aMalhotra, Manoj K.
700 1 _aGigola Paglialunga, María Cristina
856 4 1 _uhttps://biblioeco.unsa.edu.ar/pmb/images/libros/Administraci?n de Operaciones.jpg
_yImagen de portada
_qimage/jpeg
999 _c1172
_d1172